000 nam a22 7a 4500
999 _c7559
_d7559
008 170921b xxu||||| |||| 00| 0 eng d
100 _94076
_aCBSE
245 _aInteract in English Course
260 _aNew Delhi
_bCBSE
_c2008